French Sportsmen - Sudden Death #1 - Statistics

General Stats
  • This quiz has been taken 132 times
  • The average score is 3 of 30
Answers on the Grid
Answers color-coded by a green-red scale on the quiz's grid according to % correct below.
Layvin Kurzawa
Esteban Ocon
Kylian Mbappé
Loris Baz
Fabio Quartararo
Johann Zarco
Martin Fourcade
Thomas Voeckler
Sébastien Toutant
Sébastien Loeb
Matthias Dandois
Lucas Créange
Pascal Pereira-Leal
Benoît Saint Denis
Arthur Rinderknech
Can Akkuzu
Simon Gauzy
Léon Marchand
Amaury Leveaux
Alexander Lévy
Paul Levesque
Jackson Richardson
Erwin Kehlhoffner
Romain Ntamack
Kevin Mayer
Jo-Wilfried Tsonga
Kauli Vaast
Dorian Boccolacci
Samyr Hamoudi
Fabien Lamirault
Loïc Meillard
Gilles Villeneuve
Valentin Guillod
Robert Kubica
Armand Duplantis
Charles Leclerc
Samuel Umtiti
Karim Benzema
Tony Parker
Eduardo Camavinga
Milko Potisek
Pierre Gasly
Robin Briguet
Brice Samba
Maurice Richard
Marvin Gadeau
Philippe Gilbert
Pierre Bouvier
 
Answer Stats
Answer % Correct
Kylian Mbappé
47%
Karim Benzema
33%
Pierre Gasly
26%
Jo-Wilfried Tsonga
19%
Léon Marchand
19%
Sébastien Loeb
16%
Benoît Saint Denis
14%
Esteban Ocon
14%
Martin Fourcade
14%
Arthur Rinderknech
10%
Johann Zarco
9%
Romain Ntamack
9%
Simon Gauzy
9%
Fabio Quartararo
7%
Layvin Kurzawa
7%
Thomas Voeckler
7%
Amaury Leveaux
5%
Dorian Boccolacci
5%
Kevin Mayer
5%
Can Akkuzu
3%
Fabien Lamirault
3%
Kauli Vaast
3%
Matthias Dandois
3%
Erwin Kehlhoffner
2%
Jackson Richardson
2%
Lucas Créange
2%
Milko Potisek
2%
Samyr Hamoudi
2%
Loris Baz
0%
Pascal Pereira-Leal
0%
No matching quizzes found
Score Distribution
Percent of People with Each Score
Percentile by Number Answered
Your Score History
You have not taken this quiz